[Event "SVK-chT2C 1314"]
[Site "Slovakia"]
[Date "2014.03.15"]
[Round "10.5"]
[White "Kekely, Lubos"]
[Black "Kubis, Juraj"]
[Result "1-0"]
[WhiteElo "2098"]
[BlackElo "1914"]
[PlyCount "71"]
[EventDate "2013.10.19"]
[EventType "team-tourn"]
[EventRounds "11"]
[EventCountry "SVK"]
[SourceTitle "EXT 2015"]
[Source "ChessBase"]
[SourceDate "2014.11.20"]
[SourceVersion "1"]
[SourceVersionDate "2014.11.20"]
[SourceQuality "1"]
[WhiteTeam "Zilina DMS"]
[BlackTeam "Jelsava Magnezit"]
[WhiteTeamCountry "SVK"]
[BlackTeamCountry "SVK"]

1. e4 c5 2. Nf3 d6 3. d4 cxd4 4. Nxd4 Nf6 5. Nc3 g6 6. Bc4 Bg7 7. Bb3 Nc6 8. h3 0-0 9. Be3 Bd7 10. Qd2 Rc8 11. 0-0-0 Ne5 12. Bh6 Rxc3 13. Bxg7 Kxg7 14. Qxc3 Nxe4 15. Qe3 Nc5 16. Rhe1 e6 17. g4 b5 18. f4 Nc4 19. Bxc4 bxc4 20. Qc3 Kg8 21. Qxc4 Qb6 22. f5 d5 23. Qc3 Ne4 24. Qb3 Qc7 25. fxe6 fxe6 26. Rxe4 Rb8 27. Nxe6 Bxe6 28. Rb4 Rf8 29. Re1 Qd6 30. Rb7 Re8 31. Qc3 Qf4+ 32. Qe3 Qf6 33. Qe5 Qf8 34. Qc7 Bd7 35. Rxe8 Qxe8 36. Rb8 1-0

[Event "SVK-chT2C 1314"]
[Site "Slovakia"]
[Date "2014.01.11"]
[Round "5.6"]
[White "Kubis, Juraj"]
[Black "Gajdosik, Vladislav"]
[Result "1-0"]
[WhiteElo "1914"]
[BlackElo "2010"]
[PlyCount "127"]
[EventDate "2013.10.19"]
[EventType "team-tourn"]
[EventRounds "11"]
[EventCountry "SVK"]
[SourceTitle "EXT 2015"]
[Source "ChessBase"]
[SourceDate "2014.11.20"]
[SourceVersion "1"]
[SourceVersionDate "2014.11.20"]
[SourceQuality "1"]
[WhiteTeam "Jelsava Magnezit"]
[BlackTeam "Banska Bystrica Veza"]
[WhiteTeamCountry "SVK"]
[BlackTeamCountry "SVK"]

1. e4 c5 2. Nf3 d6 3. Nc3 Nf6 4. Bc4 e6 5. Bb3 Nc6 6. a3 a6 7. d3 Be7 8. 0-0 0-0 9. h3 Qc7 10. Bf4 e5 11. Bg5 Be6 12. Bxf6 Bxf6 13. Nd5 Bxd5 14. Bxd5 Nd4 15. Nh2 Ne6 16. g3 Rab8 17. c3 b5 18. Ng4 Be7 19. Ne3 g6 20. h4 Qd7 21. Kg2 h5 22. Rh1 Kg7 23. Ba2 a5 24. Qd2 b4 25. axb4 axb4 26. Bc4 Rb6 27. Nd5 Rb7 28. Raf1 bxc3 29. bxc3 Rfb8 30. Rc1 Nc7 31. Ne3 Qa4 32. Rc2 Qd7 33. Qe2 Ne6 34. Bxe6 fxe6 35. g4 Rh8 36. g5 Rf8 37. Rd1 Qe8 38. d4 exd4 39. cxd4 Rf4 40. dxc5 dxc5 41. Qa6 Qc8 42. Qa1+ Kh7 43. Qe5 Qc7 44. Qxe6 Rxh4 45. Qf7+ Kh8 46. Qxg6 Qh2+ 47. Kf1 Qh1+ 48. Ke2 Qxe4 49. Qe8+ Kg7 50. Rc4 Qxc4+ 51. Nxc4 Rxc4 52. Qxh5 Rb2+ 53. Rd2 Re4+ 54. Kd1 Rb1+ 55. Kc2 Reb4 56. Qh6+ Kg8 57. Qg6+ Kf8 58. Qf5+ Ke8 59. Qe5 R1b2+ 60. Kd1 Rb1+ 61. Ke2 c4 62. g6 Rb5 63. Qe6 c3 64. Qf7# 1-0

[Event "SVK-chT2C 1314"]
[Site "Slovakia"]
[Date "2013.11.23"]
[Round "3.5"]
[White "Kubis, Juraj"]
[Black "Pitek, Lubomir"]
[Result "1/2-1/2"]
[WhiteElo "1914"]
[BlackElo "1865"]
[PlyCount "52"]
[EventDate "2013.10.19"]
[EventType "team-tourn"]
[EventRounds "11"]
[EventCountry "SVK"]
[SourceTitle "EXT 2015"]
[Source "ChessBase"]
[SourceDate "2014.11.20"]
[SourceVersion "1"]
[SourceVersionDate "2014.11.20"]
[SourceQuality "1"]
[WhiteTeam "Jelsava Magnezit"]
[BlackTeam "Rajecke Teplice"]
[WhiteTeamCountry "SVK"]
[BlackTeamCountry "SVK"]

1. e4 e5 2. Nf3 Nf6 3. d4 Nxe4 4. Bd3 d5 5. Nxe5 Bd6 6. Nc3 Nxc3 7. bxc3 0-0 8. 0-0 Nd7 9. Re1 Nf6 10. Bg5 h6 11. Bh4 c5 12. Qf3 c4 13. Bf5 Bxf5 14. Qxf5 Be7 15. Bxf6 Bxf6 16. Nd7 Re8 17. Rxe8+ Qxe8 18. Nxf6+ gxf6 19. Qxd5 Qe2 20. g3 Re8 21. Qxb7 Qxc2 22. Qc6 Re2 23. Qa8+ Kg7 24. Qf3 Qb2 25. Qg4+ Kf8 26. Qc8+ Kg7 1/2-1/2

[Event "SVK-chT2C 1213"]
[Site "Slovakia"]
[Date "2013.03.17"]
[Round "11.3"]
[White "Kubis, Juraj"]
[Black "Macko, Michal"]
[Result "0-1"]
[WhiteElo "1950"]
[BlackElo "2123"]
[PlyCount "62"]
[EventDate "2012.10.13"]
[EventType "team-tourn"]
[EventRounds "11"]
[EventCountry "SVK"]
[SourceTitle "EXT 2015"]
[Source "ChessBase"]
[SourceDate "2014.11.20"]
[SourceVersion "1"]
[SourceVersionDate "2014.11.20"]
[SourceQuality "1"]
[WhiteTeam "Jelsava"]
[BlackTeam "Liptov Chess School II"]
[WhiteTeamCountry "SVK"]
[BlackTeamCountry "SVK"]

1. e4 c5 2. Nf3 Nc6 3. Bb5 d6 4. 0-0 Bd7 5. Nc3 g6 6. Re1 Bg7 7. Nd5 e6 8. Nf4 Nge7 9. c3 0-0 10. d4 Nxd4 11. Nxd4 cxd4 12. Bxd7 Qxd7 13. cxd4 Rfc8 14. Be3 b6 15. Qd2 Qa4 16. b3 Qa3 17. Rac1 b5 18. h4 h5 19. Nh3 d5 20. Ng5 dxe4 21. Nxe4 Nf5 22. Rc5 Rd8 23. Rxb5 Nxd4 24. Bxd4 Rxd4 25. Qf4 Qe7 26. Rc1 Rad8 27. Rb8 f5 28. Rc7 Rd1+ 29. Kh2 Be5 30. Rxd8+ Qxd8 31. Nf6+ Qxf6 0-1

[Event "SVK-chT2C 1213"]
[Site "Slovakia"]
[Date "2013.03.16"]
[Round "10.3"]
[White "Milcova, Zuzana"]
[Black "Kubis, Juraj"]
[Result "1-0"]
[WhiteElo "2051"]
[BlackElo "1950"]
[PlyCount "55"]
[EventDate "2012.10.13"]
[EventType "team-tourn"]
[EventRounds "11"]
[EventCountry "SVK"]
[SourceTitle "EXT 2015"]
[Source "ChessBase"]
[SourceDate "2014.11.20"]
[SourceVersion "1"]
[SourceVersionDate "2014.11.20"]
[SourceQuality "1"]
[WhiteTeam "Dolny Kubin"]
[BlackTeam "Jelsava"]
[WhiteTeamCountry "SVK"]
[BlackTeamCountry "SVK"]

1. e4 c5 2. d4 cxd4 3. c3 dxc3 4. Nxc3 Nc6 5. Nf3 d6 6. Bc4 e6 7. 0-0 Nf6 8. Qe2 Be7 9. Rd1 e5 10. h3 0-0 11. Bg5 Be6 12. Rd2 Qa5 13. Rad1 Nd4 14. Nxd4 exd4 15. Bxf6 Bxf6 16. Nb5 Bxc4 17. Qxc4 Rac8 18. Qb3 Qb6 19. Nxd4 Bxd4 20. Rxd4 Rc1 21. Qxb6 Rxd1+ 22. Rxd1 axb6 23. Rxd6 Ra8 24. a3 Kf8 25. Rxb6 Ra7 26. Kf1 Ke7 27. Ke2 Kd7 28. f4 1-0

[Event "SVK-chT2C 1213"]
[Site "Slovakia"]
[Date "2012.12.15"]
[Round "5.5"]
[White "Kubis, Juraj"]
[Black "Valuska, Jan"]
[Result "1/2-1/2"]
[WhiteElo "1950"]
[BlackElo "2013"]
[PlyCount "135"]
[EventDate "2012.10.13"]
[EventType "team-tourn"]
[EventRounds "11"]
[EventCountry "SVK"]
[SourceTitle "EXT 2015"]
[Source "ChessBase"]
[SourceDate "2014.11.20"]
[SourceVersion "1"]
[SourceVersionDate "2014.11.20"]
[SourceQuality "1"]
[WhiteTeam "Jelsava"]
[BlackTeam "Zvolen Slavia"]
[WhiteTeamCountry "SVK"]
[BlackTeamCountry "SVK"]

1. f4 f5 2. Nf3 Nf6 3. e3 e6 4. Be2 b6 5. 0-0 Bb7 6. b3 Be7 7. Bb2 0-0 8. Nc3 Nc6 9. Qe1 Nb4 10. Rc1 Ne4 11. d3 Nxc3 12. Qxc3 Bf6 13. Qxb4 Bxb2 14. Rcd1 Bf6 15. d4 a5 16. Qe1 Bxf3 17. Rxf3 Qe7 18. a4 Bh4 19. Qd2 Bf6 20. Rh3 c6 21. g4 Qb4 22. Qd3 g6 23. Kh1 d5 24. Rg1 Bg7 25. Bd1 Qd6 26. Qf1 Rf7 27. Be2 Qb4 28. Bd3 c5 29. dxc5 Qxc5 30. Qg2 Rd8 31. Qg3 Qe7 32. Rg2 Bc3 33. gxf5 exf5 34. Qf3 Rg7 35. Rh6 Qe6 36. Rg3 Re8 37. Kg2 Kh8 38. h4 Qf7 39. h5 gxh5 40. Qxh5 Rxg3+ 41. Kxg3 Rxe3+ 42. Kh2 Qg8 43. Qg5 Qxg5 44. fxg5 Be5+ 45. Kh1 f4 46. Kg1 Rg3+ 47. Kf1 Rxg5 48. Rxh7+ Kg8 49. Ke2 Rg2+ 50. Kf1 Rg3 51. Rh5 Re3 52. Bb5 Kf7 53. Kf2 Ke6 54. Bd3 Bd4 55. Rh6+ Ke5 56. Rh5+ Kd6 57. Kf1 Rg3 58. Rf5 f3 59. Ke1 Be3 60. Bf1 Ke6 61. Rh5 Kd6 62. Rh3 Rxh3 63. Bxh3 Ke5 64. Kf1 d4 65. Bg4 Kf4 66. Bh5 Kg3 67. Bg6 Kg4 68. Bd3 1/2-1/2

[Event "SVK-chT2C 1112"]
[Site "Slovakia"]
[Date "2012.02.26"]
[Round "11.3"]
[White "Kubis, Juraj"]
[Black "Ondras, Juraj"]
[Result "1-0"]
[WhiteElo "1951"]
[BlackElo "2034"]
[PlyCount "91"]
[EventDate "2011.10.08"]
[EventType "team-tourn"]
[EventRounds "11"]
[EventCountry "SVK"]
[SourceTitle "EXT 2013"]
[Source "ChessBase"]
[SourceDate "2012.11.22"]
[SourceVersion "1"]
[SourceVersionDate "2012.11.22"]
[SourceQuality "1"]
[WhiteTeam "Jelsava"]
[BlackTeam "Banska Bystrica Veza"]
[WhiteTeamCountry "SVK"]
[BlackTeamCountry "SVK"]

1. e4 c5 2. Nf3 d6 3. Be2 Nf6 4. c3 Nc6 5. d3 g6 6. Nbd2 Bg7 7. 0-0 0-0 8. d4 e5 9. dxe5 dxe5 10. Qc2 Qc7 11. Ne1 Rd8 12. g3 Bh3 13. Ng2 Rd7 14. Nb3 b6 15. a4 a5 16. f3 Rad8 17. Be3 h5 18. Rfd1 Ne8 19. Rxd7 Rxd7 20. Rd1 Be6 21. Rxd7 Qxd7 22. Qd2 Nd6 23. Na1 Qc7 24. Ne1 Bf8 25. Nec2 c4 26. Na3 Na7 27. Kg2 Nb7 28. N1c2 Bc5 29. Nxc4 Bxe3 30. N2xe3 Nc5 31. Qd1 Nc8 32. b3 Kg7 33. h4 f6 34. b4 Nb7 35. Qd2 Ncd6 36. Nd5 Bxd5 37. Qxd5 Nxc4 38. Bxc4 Nd6 39. Qg8+ Kh6 40. Qf8+ Kh7 41. Bg8+ Kh8 42. Bd5+ Kh7 43. Qg8+ Kh6 44. Qh8+ Qh7 45. Qxf6 Qc7 46. Qxe5 1-0

[Event "SVK-chT2C 1112"]
[Site "Slovakia"]
[Date "2012.01.29"]
[Round "9.4"]
[White "Kubis, Juraj"]
[Black "Bakalar, Jan"]
[Result "0-1"]
[WhiteElo "1951"]
[BlackElo "2017"]
[PlyCount "72"]
[EventDate "2011.10.08"]
[EventType "team-tourn"]
[EventRounds "11"]
[EventCountry "SVK"]
[SourceTitle "EXT 2013"]
[Source "ChessBase"]
[SourceDate "2012.11.22"]
[SourceVersion "1"]
[SourceVersionDate "2012.11.22"]
[SourceQuality "1"]
[WhiteTeam "Jelsava"]
[BlackTeam "Dunajov II"]
[WhiteTeamCountry "SVK"]
[BlackTeamCountry "SVK"]

1. e4 c5 2. Nf3 a6 3. a4 h6 4. Nc3 b6 5. Bc4 e6 6. d3 Bb7 7. Bf4 d6 8. Qd2 Ne7 9. Ne2 Ng6 10. Bg3 Nd7 11. h4 Nge5 12. Nxe5 dxe5 13. f4 exf4 14. Nxf4 Nf6 15. 0-0 Qd4+ 16. Qf2 Ng4 17. Qxd4 cxd4 18. Bb3 Be7 19. Rae1 g5 20. Nh5 0-0 21. hxg5 hxg5 22. e5 Kh7 23. Nf6+ Bxf6 24. exf6 Kg6 25. Re4 Bxe4 26. dxe4 e5 27. Rf5 Rfe8 28. Be1 Rh8 29. Bf2 Rh5 30. Kf1 Nxf2 31. Kxf2 Re8 32. Rf3 Rh4 33. g3 Rxe4 34. Bc4 Re3 35. Bxa6 Rxf3+ 36. Kxf3 e4+ 0-1

[Event "SVK-chT2C 1112"]
[Site "Slovakia"]
[Date "2012.01.07"]
[Round "7.5"]
[White "Stehlik, Peter"]
[Black "Kubis, Juraj"]
[Result "1/2-1/2"]
[WhiteElo "1934"]
[BlackElo "1951"]
[PlyCount "77"]
[EventDate "2011.10.08"]
[EventType "team-tourn"]
[EventRounds "11"]
[EventCountry "SVK"]
[SourceTitle "EXT 2013"]
[Source "ChessBase"]
[SourceDate "2012.11.22"]
[SourceVersion "1"]
[SourceVersionDate "2012.11.22"]
[SourceQuality "1"]
[WhiteTeam "Podpolanie Detva"]
[BlackTeam "Jelsava"]
[WhiteTeamCountry "SVK"]
[BlackTeamCountry "SVK"]

1. d4 c5 2. d5 e5 3. c4 d6 4. Nc3 Nf6 5. e4 Be7 6. Nf3 0-0 7. Be2 Ne8 8. a3 Bg4 9. b4 Nd7 10. h3 Bxf3 11. Bxf3 Bg5 12. 0-0 g6 13. Qa4 Nb6 14. Qb3 Rc8 15. Be2 Nd7 16. Bxg5 Qxg5 17. Qa4 Qd8 18. Qxa7 Ra8 19. Qxb7 Rb8 20. Qc6 cxb4 21. axb4 Rxb4 22. Rfb1 Rxb1+ 23. Rxb1 Nc5 24. Bf3 f5 25. Rb5 fxe4 26. Nxe4 Nxe4 27. Bxe4 Qh4 28. Bf3 e4 29. g3 Qf6 30. Rb8 Qxf3 31. Rxe8 Qxf2+ 32. Kh1 Qxg3 33. Qc8 Qf3+ 34. Kg1 Rxe8 35. Qxe8+ Kg7 36. Qe7+ Kh6 37. Qh4+ Kg7 38. Qe7+ Kh6 39. Qh4+ 1/2-1/2

[Event "SVK-chT2C 1112"]
[Site "Slovakia"]
[Date "2011.10.09"]
[Round "2.5"]
[White "Gregor, Zdenek"]
[Black "Kubis, Juraj"]
[Result "0-1"]
[WhiteElo "1833"]
[BlackElo "1951"]
[PlyCount "60"]
[EventDate "2011.10.08"]
[EventType "team-tourn"]
[EventRounds "11"]
[EventCountry "SVK"]
[SourceTitle "EXT 2013"]
[Source "ChessBase"]
[SourceDate "2012.11.22"]
[SourceVersion "1"]
[SourceVersionDate "2012.11.22"]
[SourceQuality "1"]
[WhiteTeam "Banska Bystrica Junior II"]
[BlackTeam "Jelsava"]
[WhiteTeamCountry "SVK"]
[BlackTeamCountry "SVK"]

1. d4 Nf6 2. Bf4 c5 3. e3 e6 4. c3 Be7 5. Nf3 Nh5 6. Bxb8 Rxb8 7. Nbd2 0-0 8. Bd3 g6 9. 0-0 b5 10. dxc5 Bxc5 11. Ne4 Be7 12. Qe2 b4 13. c4 f5 14. Ned2 Bf6 15. Nb3 Bg7 16. g3 Nf6 17. Rfd1 Qe7 18. Rac1 Bb7 19. Rd2 Ne4 20. Rdc2 g5 21. Nfd2 Nf6 22. Qd1 h5 23. Nf3 Ne4 24. Nfd2 Nf6 25. Bf1 f4 26. exf4 gxf4 27. Bg2 fxg3 28. fxg3 Bxg2 29. Kxg2 Ng4 30. Nf1 Rxf1 0-1

[Event "SVK-chT2C 10/11"]
[Site "Slovakia"]
[Date "2011.03.27"]
[Round "11.1"]
[White "Straka, Jozef1111"]
[Black "Kubis, Juraj"]
[Result "1/2-1/2"]
[WhiteElo "2307"]
[BlackElo "1963"]
[PlyCount "76"]
[EventDate "2010.10.23"]
[EventType "team-tourn"]
[EventRounds "11"]
[EventCountry "SVK"]
[SourceTitle "EXT 2019"]
[Source "ChessBase"]
[SourceDate "2018.10.10"]
[SourceVersion "1"]
[SourceVersionDate "2018.10.10"]
[SourceQuality "1"]
[WhiteTeam "Cadca Caissa"]
[BlackTeam "Jelsava SK Magnezit"]
[WhiteTeamCountry "SVK"]
[BlackTeamCountry "SVK"]

1. e4 c5 2. Nf3 Nc6 3. d4 cxd4 4. Nxd4 e6 5. Nc3 a6 6. Be2 Qc7 7. 0-0 Nf6 8. Be3 Be7 9. f4 d6 10. Kh1 0-0 11. Bf3 Bd7 12. Nb3 b5 13. Rc1 h6 14. Qe2 Rab8 15. a3 Rfc8 16. Rfd1 b4 17. axb4 Nxb4 18. h3 e5 19. Nd2 a5 20. Ndb1 exf4 21. Bxf4 Qd8 22. Bxd6 Bxd6 23. Rxd6 Qe7 24. e5 Bf5 25. Na3 Nd7 26. Be4 Be6 27. Qh5 Qg5 28. Qxg5 hxg5 29. Rcd1 Nxe5 30. Ncb5 Nbc6 31. Bxc6 Nxc6 32. b3 g6 33. c4 Kg7 34. Kh2 Bf5 35. R6d5 Rd8 36. Rxd8 Rxd8 37. Rxd8 Nxd8 38. Nd4 Be4 1/2-1/2

[Event "SVK-chT2C 10/11"]
[Site "Slovakia"]
[Date "2011.03.06"]
[Round "9.3"]
[White "Kubis, Juraj"]
[Black "Mraz, Martin"]
[Result "0-1"]
[WhiteElo "1963"]
[BlackElo "1874"]
[PlyCount "60"]
[EventDate "2010.10.23"]
[EventType "team-tourn"]
[EventRounds "11"]
[EventCountry "SVK"]
[SourceTitle "EXT 2019"]
[Source "ChessBase"]
[SourceDate "2018.10.10"]
[SourceVersion "1"]
[SourceVersionDate "2018.10.10"]
[SourceQuality "1"]
[WhiteTeam "Jelsava SK Magnezit"]
[BlackTeam "Liptov Chess School II"]
[WhiteTeamCountry "SVK"]
[BlackTeamCountry "SVK"]

1. e4 e5 2. Nf3 Nc6 3. c3 Nf6 4. Bd3 Be7 5. Bc2 d5 6. exd5 Qxd5 7. 0-0 e4 8. Ne1 Ne5 9. Bb3 Qd6 10. d4 exd3 11. Bf4 Bg4 12. f3 Qc5+ 13. Kh1 Bf5 14. Ba4+ b5 15. b4 Qd5 16. Bb3 Nc4 17. Bxc7 Bd6 18. Bxc4 bxc4 19. Bxd6 Qxd6 20. Nd2 Qc6 21. b5 Qxb5 22. Rb1 Qa6 23. Rb4 Nd5 24. Qa4+ Qxa4 25. Rxa4 Ne3 26. Rg1 Be6 27. g3 Nd1 28. Nxc4 Nxc3 29. Nb6 Nxa4 30. Nxa8 d2 0-1

[Event "SVK-chT2C 10/11"]
[Site "Slovakia"]
[Date "2011.01.08"]
[Round "5.3"]
[White "Stehlik, Peter"]
[Black "Kubis, Juraj"]
[Result "1/2-1/2"]
[WhiteElo "1921"]
[BlackElo "1963"]
[PlyCount "101"]
[EventDate "2010.10.23"]
[EventType "team-tourn"]
[EventRounds "11"]
[EventCountry "SVK"]
[SourceTitle "EXT 2019"]
[Source "ChessBase"]
[SourceDate "2018.10.10"]
[SourceVersion "1"]
[SourceVersionDate "2018.10.10"]
[SourceQuality "1"]
[WhiteTeam "Podpolanie"]
[BlackTeam "Jelsava SK Magnezit"]
[WhiteTeamCountry "SVK"]
[BlackTeamCountry "SVK"]

1. e4 c5 2. Bc4 Nc6 3. Nf3 d6 4. d4 cxd4 5. Nxd4 Nf6 6. Nc3 g6 7. Be3 Ng4 8. 0-0 Nxe3 9. fxe3 Ne5 10. Bb3 Bh6 11. Nd5 0-0 12. Qe1 e6 13. Nf6+ Kh8 14. h3 Bg5 15. Qf2 h5 16. h4 Bh6 17. Rad1 Qe7 18. Nb5 Rd8 19. Qg3 b6 20. Rf2 Ba6 21. Nd4 Rac8 22. c3 Bc4 23. Re1 Bxb3 24. axb3 Nd3 25. Rd1 Nxf2 26. Qxf2 Bg7 27. Rf1 Rc5 28. b4 Re5 29. Nc6 Qxf6 30. Qxf6 Bxf6 31. Rxf6 Rd7 32. Nxe5 dxe5 33. Rf1 Rd2 34. Rxf7 a5 35. bxa5 bxa5 36. Ra7 Rxb2 37. Rxa5 Kg7 38. Rxe5 Kf6 39. Rc5 Re2 40. g3 Rxe3 41. Kf2 Rxe4 42. Kf3 Re1 43. c4 Ke7 44. Rc7+ Kf6 45. c5 Ke5 46. Rg7 Kf6 47. Rc7 Ke5 48. Rc8 Rc1 49. c6 Rc3+ 50. Kg2 Ke4 51. c7 1/2-1/2

[Event "SVK-chT2C 10/11"]
[Site "Slovakia"]
[Date "2010.12.05"]
[Round "4.5"]
[White "Kubis, Juraj"]
[Black "Kamody, Mario"]
[Result "0-1"]
[WhiteElo "1963"]
[BlackElo "2187"]
[PlyCount "48"]
[EventDate "2010.10.23"]
[EventType "team-tourn"]
[EventRounds "11"]
[EventCountry "SVK"]
[SourceTitle "EXT 2019"]
[Source "ChessBase"]
[SourceDate "2018.10.10"]
[SourceVersion "1"]
[SourceVersionDate "2018.10.10"]
[SourceQuality "1"]
[WhiteTeam "Jelsava SK Magnezit"]
[BlackTeam "Sklene Patriots CC"]
[WhiteTeamCountry "SVK"]
[BlackTeamCountry "SVK"]

1. e4 c5 2. Nf3 Nc6 3. d4 cxd4 4. Nxd4 g6 5. Nc3 Bg7 6. Be3 Nf6 7. Be2 0-0 8. 0-0 d6 9. h3 Bd7 10. f4 Qb6 11. Qd3 Qxb2 12. Rab1 Qa3 13. Rb3 Qa5 14. Rxb7 Nxd4 15. Bxd4 e5 16. Be3 Bc6 17. Rb3 Rfd8 18. Bd2 exf4 19. Rxf4 Qe5 20. Bf3 Rac8 21. Nd5 Ba4 22. Rxf6 Bxb3 23. Bf4 Qa1+ 24. Kh2 Bxd5 0-1

[Event "SVK-chT2C 0910"]
[Site "Slovakia"]
[Date "2010.02.07"]
[Round "9.7"]
[White "Galbavy, Dusan"]
[Black "Kubis, Juraj"]
[Result "1/2-1/2"]
[WhiteElo "1918"]
[BlackElo "2089"]
[PlyCount "77"]
[EventDate "2009.10.10"]
[EventType "team-tourn"]
[EventRounds "11"]
[EventCountry "SVK"]
[SourceTitle "EXT 2011"]
[Source "ChessBase"]
[SourceDate "2010.11.26"]
[SourceVersion "1"]
[SourceVersionDate "2010.11.26"]
[SourceQuality "1"]
[WhiteTeam "Zilina Central"]
[BlackTeam "Jelsava"]
[WhiteTeamCountry "SVK"]
[BlackTeamCountry "SVK"]

1. e4 c5 2. f4 Nc6 3. Nf3 d6 4. Bc4 Nf6 5. d3 g6 6. c3 Bg7 7. 0-0 0-0 8. Bb3 b5 9. Bc2 Rb8 10. h3 b4 11. d4 cxd4 12. cxd4 Bd7 13. Be3 Na5 14. Nbd2 Qc7 15. Rc1 Rfc8 16. Ng5 Qb7 17. g4 Bb5 18. Re1 Nd7 19. Ndf3 Nf6 20. b3 e6 21. h4 Qe7 22. Kf2 e5 23. h5 Nc6 24. hxg6 hxg6 25. Rh1 a6 26. Nh3 exd4 27. Nxd4 Nxd4 28. Bxd4 Bc6 29. Qd3 Re8 30. Rhe1 a5 31. Ng5 Nxe4+ 32. Nxe4 Bxd4+ 33. Qxd4 Qh4+ 34. Kf1 Qh3+ 35. Kf2 Qh2+ 36. Kf3 Qh3+ 37. Kf2 Qh2+ 38. Kf3 Qh3+ 39. Kf2 1/2-1/2

[Event "SVK-chT2C 0809"]
[Site "Slovakia"]
[Date "2009.03.01"]
[Round "11.3"]
[White "Svrcek, Martin"]
[Black "Kubis, Juraj"]
[Result "1/2-1/2"]
[WhiteElo "1975"]
[BlackElo "2067"]
[PlyCount "81"]
[EventDate "2008.10.11"]
[EventType "team-tourn"]
[EventRounds "11"]
[EventCountry "SVK"]
[SourceTitle "EXT 2010"]
[Source "ChessBase"]
[SourceDate "2010.11.25"]
[SourceVersion "1"]
[SourceVersionDate "2010.11.25"]
[SourceQuality "1"]
[WhiteTeam "Zilina Central"]
[BlackTeam "Jelsava Magnezit"]
[WhiteTeamCountry "SVK"]
[BlackTeamCountry "SVK"]

1. Nf3 Nf6 2. b3 d5 3. Bb2 e6 4. e3 c5 5. Ne5 Nbd7 6. Bb5 Be7 7. Bxd7+ Nxd7 8. Nxd7 Bxd7 9. Bxg7 Rg8 10. Be5 Bf6 11. Bxf6 Qxf6 12. Nc3 Rxg2 13. Qe2 0-0-0 14. 0-0-0 Rxf2 15. Qd3 Qg6 16. Rdf1 Rxf1+ 17. Rxf1 f5 18. Na4 Qg7 19. Qc3 Qxc3 20. Nxc3 Rg8 21. Rf2 Kd8 22. Ne2 Ke7 23. c3 e5 24. d4 b6 25. dxe5 Ke6 26. Rg2 Rg4 27. Ng3 Kxe5 28. Rf2 d4 29. exd4+ cxd4 30. Re2+ Kd6 31. Rf2 dxc3 32. Nxf5+ Bxf5 33. Rxf5 Rg1+ 34. Kc2 Rg2+ 35. Kxc3 Rxh2 36. a4 a5 37. Kc4 Ke6 38. Rb5 Rh4+ 39. Kc3 Rb4 40. Rh5 Kd6 41. Rxh7 1/2-1/2

[Event "SVK-chT2C 0607"]
[Site "Slovakia"]
[Date "2007.03.17"]
[Round "10.3"]
[White "Bochnickova, Andrea"]
[Black "Kubis, Juraj"]
[Result "1/2-1/2"]
[WhiteElo "2175"]
[BlackElo "1979"]
[PlyCount "91"]
[EventDate "2006.10.14"]
[EventType "team-tourn"]
[EventRounds "11"]
[EventCountry "SVK"]
[SourceTitle "EXT 2019"]
[Source "ChessBase"]
[SourceDate "2018.10.10"]
[SourceVersion "1"]
[SourceVersionDate "2018.10.10"]
[SourceQuality "1"]
[WhiteTeam "Martin MSK"]
[BlackTeam "Jelsava Magnezit"]
[WhiteTeamCountry "SVK"]
[BlackTeamCountry "SVK"]

1. e4 c5 2. Nf3 d6 3. d4 cxd4 4. Nxd4 Nf6 5. Nc3 g6 6. f3 Bg7 7. Be3 0-0 8. Qd2 Nc6 9. 0-0-0 Nxd4 10. Bxd4 Be6 11. g4 Qa5 12. g5 Nh5 13. Bxg7 Kxg7 14. Kb1 Rfc8 15. Qd4+ Qe5 16. Nd5 Qxd4 17. Rxd4 Bxd5 18. exd5 Rc7 19. Bh3 h6 20. f4 hxg5 21. fxg5 Rh8 22. Bg4 Ng3 23. Rg1 Nf5 24. Bxf5 gxf5 25. h4 Rhc8 26. c3 Kg6 27. Kc2 Rc4 28. Kd3 b5 29. Re1 Rxd4+ 30. cxd4 Rc7 31. Re2 Kh5 32. Ke3 Kg4 33. Rg2+ Kh3 34. Rf2 Kg4 35. Rf4+ Kh5 36. Rf1 e6 37. dxe6 fxe6 38. Rg1 Kg6 39. Kf4 Rc4 40. h5+ Kg7 41. h6+ Kg6 42. Rh1 e5+ 43. Ke3 Rc7 44. dxe5 dxe5 45. Kd3 Rh7 46. Rg1 1/2-1/2

[Event "SVK-chT2C 0607"]
[Site "Slovakia"]
[Date "2007.02.04"]
[Round "9.5"]
[White "Kubis, Juraj"]
[Black "Brhel, Jan"]
[Result "0-1"]
[WhiteElo "1979"]
[BlackElo "2034"]
[PlyCount "104"]
[EventDate "2006.10.14"]
[EventType "team-tourn"]
[EventRounds "11"]
[EventCountry "SVK"]
[SourceTitle "EXT 2019"]
[Source "ChessBase"]
[SourceDate "2018.10.10"]
[SourceVersion "1"]
[SourceVersionDate "2018.10.10"]
[SourceQuality "1"]
[WhiteTeam "Jelsava Magnezit"]
[BlackTeam "Zilina Central"]
[WhiteTeamCountry "SVK"]
[BlackTeamCountry "SVK"]

1. e4 e6 2. d4 d5 3. Nc3 Bb4 4. a3 Bxc3+ 5. bxc3 Ne7 6. e5 c5 7. Nf3 Nbc6 8. Be2 Qa5 9. Qd2 Nf5 10. g4 Nfe7 11. Rb1 a6 12. h3 h5 13. Rg1 hxg4 14. hxg4 b5 15. Kf1 Bd7 16. dxc5 Ng6 17. Qe3 Qc7 18. c4 bxc4 19. Bb2 Rc8 20. Bc3 Na5 21. Rb6 Nb7 22. Bd4 Bb5 23. Qg5 Qd7 24. Qe3 Qe7 25. c3 Nxc5 26. Bxc5 Qxc5 27. Qxc5 Rxc5 28. a4 Bxa4 29. Rxa6 Bb3 30. Ra8+ Kd7 31. Rxh8 Nxh8 32. Rh1 Rc8 33. Kg2 Ng6 34. Kg3 Ke7 35. Ra1 Rc7 36. Ra8 f6 37. Ra6 fxe5 38. Ng5 Nf4 39. Bf1 Kf6 40. Nf3 g5 41. Ra8 Bd1 42. Rf8+ Kg7 43. Ra8 Bxf3 44. Kxf3 Rb7 45. Ke3 Rb1 46. Be2 Re1 47. Ra2 Rxe2+ 48. Rxe2 Nxe2 49. Kxe2 d4 50. f3 d3+ 51. Kd2 e4 52. fxe4 Kf6 0-1